Cómo me presentaron la creación.
محفوظ في:
| المؤلف الرئيسي: | |
|---|---|
| التنسيق: | غير معروف |
| منشور في: |
Bogotá, Colombia:
Pontificia Universidad Javeriana; San Pablo,
2013.
|
| الطبعة: | 1a. edición |
| سلاسل: | Colección Catequesis
|
| الموضوعات: | |
| الوسوم: |
إضافة وسم
لا توجد وسوم, كن أول من يضع وسما على هذه التسجيلة!
|
MARC
| LEADER | 00000 a2200000 4500 | ||
|---|---|---|---|
| 003 | CL-VaPUC | ||
| 005 | 20230418101044.0 | ||
| 008 | 230411t2013 ||||| |||| 00| 0 eng d | ||
| 999 | |c 439664 |d 439662 | ||
| 020 | |a 978-958-715-950-9 | ||
| 040 | |c Pontificia Universidad Católica de Valparaíso | ||
| 082 | 0 | 4 | |2 22 |a 213 LON 2013 |
| 100 | 1 | |a Londoño, Alejandro |9 560586 |e autor | |
| 245 | 1 | 0 | |a Cómo me presentaron la creación. |
| 250 | |a 1a. edición | ||
| 260 | |a Bogotá, Colombia: |b Pontificia Universidad Javeriana; |b San Pablo, |c 2013. | ||
| 300 | |a 62 páginas. | ||
| 490 | 0 | |a Colección Catequesis | |
| 583 | |k GC |c 20230411 | ||
| 650 | 1 | |a Enseñanza de la ecología |9 881466 | |
| 650 | 1 | |a Creación |x Aspectos religiosos |9 881469 | |
| 650 | 1 | |a Ecología y religión |9 881467 | |
| 650 | 1 | |a Ecología espiritual |x Aspectos religiosos |9 881468 | |
| 942 | |2 ddc |c BK | ||
| 952 | |0 0 |1 0 |2 ddc |4 0 |6 213_000000000000000_LON_2013 |7 0 |8 A |9 589520 |a BIBTEO |b BIBTEO |c GEN |d 2023-04-06 |e 178 |g 665.29 |i 5657025 |o 213 LON 2013 |p 5657025 |r 2025-01-17 |t 1 |v 665.29 |w 2023-04-06 |y BK |k ICR | ||